• 首页
  • 本馆介绍
  • 公告通知
  • 最新文献
  • 馆藏检索
  • 电子资源
  • 读者导购
  • 参考咨询
  • 我的图书馆
  • 登录
  • 详细信息显示
  • 放入我的书架
  • 预约/预借图书
  • 作者相关作品
  • 分类相关作品
  • 丛书相关作品
  • 出版社相关作品

书目信息

  • 表格格式
  • 工作单格式
  • 卡片格式
书名: Bureaucratic power in national policy making
作者: edited by Francis E. Rourke.
分册号:
分册名:
出版地: Boston :
 
出版社: Little, Brown
出版时间: c1986.
页数: xii, 559 p. ;
开本: 21 cm.
丛书名:
中图分类号:
科图分类号:
其他分类号: D03
主题词:
电子资源:
000 01153cam a2200325 a 450
001 E0761809074
005 20070421171140.17
008 850528s1986 mau b 000 0 eng
010    @a85012910
020    @a0316759732 (pbk.).
035    @A(DLC) 85012910
040    @aDLC@cDLC@dOCoLC@dDLC
043    @an-us---
050 00 @aJK421@b.B86 1986
082 00 @a353.01@2 19
090    @aD03
099    @dD03@ex4=4
245 00 @aBureaucratic power in national policy making :@breadings / @cedited by Francis E. Rourke.
250    @a4th ed.
260    @aBoston :@bLittle, Brown,@cc1986.
300    @axii, 559 p. ;@c21 cm.
500    @aRev. ed. of: Bureaucratic power in national politics. 3rd ed. c1978.
504    @aIncludes bibliographical references.
650  0 @aExecutive departments@zUnited States.
650  0 @aBureaucracy@zUnited States.
650  0 @aAdministrative agencies@zUnited States.
700 1  @aRourke, Francis E.@q(Francis Edward),@d1922-
740 0  @aBureaucratic power in national politics.
906    @a7@bcbc@corignew@d1@eocip@f19@gy-gencatlg
991    @bc-GenColl@hJK421@i.B86 1986@p00018735027@tCopy 1@wBOOKS
    
    Bureaucratic power in national policy making : : readings / / edited by Francis E. Rourke.-4th ed.-Boston : : Little, Brown, , c1986.
    xii, 559 p. ; ; 21 cm.
    Rev. ed. of: Bureaucratic power in national politics. 3rd ed. c1978.-Includes bibliographical references.
    
    ISBN 0316759732 (pbk.).
    
●
相关链接 在E读中查询图书 在五车中查询图书 在当当中查询图书 在豆瓣中查询图书


正题名:Bureaucratic power in national policy making     索取号:D03/x4=4         预约/预借

序号 登录号 条形码 馆藏地/架位号 状态 备注
1 0004238   300042380   第二样本阅览室/ [索取号:D03/x4=4] 在馆    
2 0004239   300042399   密集书库/ [索取号:D03/x4=4] 在馆    
3 0004240   300042406   第四借阅区/ [索取号:D03/x4=4] 在馆    
4 0004241   300042415   第四借阅区/ [索取号:D03/x4=4] 在馆    
5 0004242   300042424   密集书库/ [索取号:D03/x4=4] 在馆    
唐山师范学院图书馆 欢迎您!
大连网信软件有限公司© 版权所有